| 000 | 00808nam a2200289Ia 4500 | ||
|---|---|---|---|
| 001 | Z_6249 | ||
| 003 | CHAP | ||
| 008 | 220113s1994 xx 000 0 und d | ||
| 010 | _a169504 | ||
| 020 | _a968-884-293-4 | ||
| 040 | _cCHAP | ||
| 082 | _a519.5 S24 | ||
| 100 |
_aSahagun Castellanos, Jaime _9101191 |
||
| 245 |
_aEstadística descriptiva y probabilidad : una perspectiva biológica / _cJaime Sahagun Castellanos |
||
| 260 |
_aMéxico : _bUACh, Dirección General de Patronato Universitario, _c1994 |
||
| 300 | _aviii, 341 p. | ||
| 504 | _aIncluye bibliografías | ||
| 650 |
_aEstadística descriptiva _9144310 |
||
| 650 |
_aProbabilidades _991687 |
||
| 650 |
_aStatistics _9144311 |
||
| 901 | _a519.5 S24 | ||
| 902 | _aA | ||
| 910 | _a1994 | ||
| 942 | _c1 | ||
| 942 | _cc1 | ||
| 999 |
_c169504 _d169504 |
||